00625nam a2200205 a 450000100060000000300080000600500170001400800410003103500190007204000290009104100080012008200210012810000480014924500640019726000560026130000240031750400200034165100210036165100370038224933BD-RjUL20211209050815.0140315r19631940enk 001 0 eng d a(BD-RjUL)25002 aNCLNbengcNCLNdBD-RjUL aeng04a944.08bBRD 19631 aBrogan, D. W.q(Denis William),d1900-1974.14aThe development of modern France, 1870-1939 /cD.W. Brogan. aLondon :bHamish Hamilton,c1940 [Impression 1963]. ax, 744 p. ;c25 cm. aIncludes index. 0aFrancexHistory. 0aFrancexPolitics and government.